00738nam a2200241Ia 4500008004100000020001500041041000800056082001800064100001700082245002900099260004500128300000800173365001100181650001600192650001200208650001400220650001900234700001600253942001200269999001900281952009800300952009800398140306s9999 xx 000 0 und d a0195632915 aeng a362.5bDRE/HU aAmartya, Sen aHunger and public action aNew DelhibOxford University Pressc1998 a373 bRs.195 aDeprivation aFamines aNutrition aSocial problem aDreze, Jean 2ddccBK c178395d178395 00102ddc4070aKAUCBVbKAUCBVg195.00l0o362.5 DRE/HUr2014-03-22 00:00:00w2014-03-22yBK 00102ddc4070aKAUCBVbKAUCBVg195.00l0o362.5 DRE/HUr2014-03-22 00:00:00w2014-03-22yBK